Senegal : Financial Depth and Macrostability /

This enhanced review of Senegal's financial sector is one of several pilot reviews called for by the Executive Board in May 2012. The purpose of the reviews is to go beyond the traditional surveillance focus on banking system soundness and solvency by analyzing in more depth the interplay betwe...

Descripción completa

Detalles Bibliográficos
Autor principal: Imam, Patrick
Otros Autores: Kolerus, Christina
Formato: Revista
Lenguaje:English
Publicado: Washington, D.C. : International Monetary Fund, 2013.
Colección:Departmental Papers; Departmental Paper ; No. 2013/006
Acceso en línea:Full text available on IMF
LEADER 01882cas a2200253 a 4500
001 AALejournalIMF021998
008 230101c9999 xx r poo 0 0eng d
020 |c 20.00 USD 
020 |z 9781475534139 
022 |a 2616-5333 
040 |a BD-DhAAL  |c BD-DhAAL 
100 1 |a Imam, Patrick. 
245 1 0 |a Senegal :   |b Financial Depth and Macrostability /  |c Patrick Imam, Christina Kolerus. 
264 1 |a Washington, D.C. :  |b International Monetary Fund,  |c 2013. 
300 |a 1 online resource (39 pages) 
490 1 |a Departmental Papers 
500 |a <strong>Off-Campus Access:</strong> No User ID or Password Required 
500 |a <strong>On-Campus Access:</strong> No User ID or Password Required 
506 |a Electronic access restricted to authorized BRAC University faculty, staff and students 
520 3 |a This enhanced review of Senegal's financial sector is one of several pilot reviews called for by the Executive Board in May 2012. The purpose of the reviews is to go beyond the traditional surveillance focus on banking system soundness and solvency by analyzing in more depth the interplay between financial development, macroeconomic and financial stability, and effectiveness of macroeconomic policies in low-income countries. Senegal is a member of the West African Economic and Monetary Union; a number of key macroeconomic and financial policies are designed and implemented at the union level. This study focuses on Senegal-specific issues. Another pilot study, to be prepared in the context of the next annual consultation on regional policies in early 2013, will focus on union-wide issues. 
538 |a Mode of access: Internet 
700 1 |a Kolerus, Christina. 
830 0 |a Departmental Papers; Departmental Paper ;  |v No. 2013/006 
856 4 0 |z Full text available on IMF  |u http://elibrary.imf.org/view/journals/087/2013/006/087.2013.issue-006-en.xml  |z IMF e-Library